000 00559nam a2200241 a 4500
001 nice12345678
003 IN_TiNIC
005 20260116012626.0
008 050524s1981 newa grp 000 0 eng
020 _a
_c50
082 0 0 _a954.92
_bKHA
100 _aKhatib, Al
245 _aWho Killed Mujib?
260 _aNew Delhi
_bVikas Publication House
_c1981
300 _a216p
500 _aincludes index and biblioraphy
505 2 _aEpilouge
650 _aBangladesh
700 1 _aKhatib, Al
902 _bSRS
942 _cBK
999 _c7718
_d7718